000 00735nam a2200241Ia 4500
003 OSt
005 20220926012759.0
006 a|||||r|||| 00| 0
007 ta
008 220923b |||||||| |||| 00| 0 eng d
037 _cGeneral Book
040 _aRTL
_cRTL
_beng
041 _2eng
_aeng
082 _aX:891, M6
100 _aMacCrimmon Kenneth R.
_9317249
245 0 _aTaking risks
_b The management of uncertainty
260 _aNew York
_bFree Press U. S. A.
_c1986
300 _a380p. Bibliography p.342-59
_ccm.
650 _aRisk Management
_9231800
700 _a Wehrung Donald A.
_9317250
942 _hX:891, M6
_cGB
_2CC
999 _c624324
_d624324